000 00908nam a2200265 i 4500
003 DO-SdBNP
005 20250519145647.0
007 ta
008 250519b2024 dr ||||| |||| 00| 0 spa d
020 _a9789945947113
040 _aDO-SdBNP
_bspa
_cBNPHU
_erda
041 _aspa
082 4 _222
_axxx
_bxxx
100 _aFigueroa, Dania Victoria,
_eautor
_4aut.
_987015
245 1 0 _aDale la vuelta a la chancleta :
_bconvertir situaciones adversas en oportunidades para crecer y aprender /
_cDania Victoria Figueroa
264 4 _aSanto Domingo :
_bÚltimos Monstruos Editores,
_c©2024.
300 _a190 páginas ;
_c23 cm.
336 _atexto
_btxt
_2rdacontent
337 _asin mediación
_bn
_2rdamedia
338 _avolumen
_bnc
_2rdacarrier
500 _aIncluye datos biográficos del autor en la solapa de la cubierta
590 _aInventariado, 2025/BT
910 _aBtavárez
942 _2ddc
_cLBS1
999 _c59054
_d59054